Stratetic stress management : (Record no. 5803)
[ view plain ]
| 000 -LEADER | |
|---|---|
| fixed length control field | 00790cam a22002412 4500 |
| 001 - CONTROL NUMBER | |
| control field | 0000002342 |
| 005 - DATE AND TIME OF LATEST TRANSACTION | |
| control field | 20151217151851.0 |
| 008 - FIXED-LENGTH DATA ELEMENTS--GENERAL INFORMATION | |
| fixed length control field | 070410s xx 000 0 eng d |
| 020 ## - INTERNATIONAL STANDARD BOOK NUMBER | |
| International Standard Book Number | 0333774876 : |
| Terms of availability | KES 3,750 |
| 040 ## - CATALOGING SOURCE | |
| Original cataloging agency | KABU |
| Transcribing agency | KABU |
| 050 #0 - LIBRARY OF CONGRESS CALL NUMBER | |
| Classification number | HF5548.85 |
| Item number | .S88 |
| 100 1# - MAIN ENTRY--PERSONAL NAME | |
| Personal name | Sutherland, Valerie J. |
| -- | 0000151681 |
| 245 10 - TITLE STATEMENT | |
| Title | Stratetic stress management : |
| Remainder of title | an organizational approach / |
| Statement of responsibility, etc. | Valerie J. Sutherland and Cary L. Cooper. |
| 260 ## - PUBLICATION, DISTRIBUTION, ETC. (IMPRINT) | |
| Place of publication, distribution, etc. | New York : |
| Name of publisher, distributor, etc. | Palgrave, |
| Date of publication, distribution, etc. | 2000. |
| 300 ## - PHYSICAL DESCRIPTION | |
| Extent | vi, 263 p. |
| 650 #0 - SUBJECT ADDED ENTRY--TOPICAL TERM | |
| Topical term or geographic name as entry element | Job stress. |
| -- | 0000151682 |
| 650 #0 - SUBJECT ADDED ENTRY--TOPICAL TERM | |
| Topical term or geographic name as entry element | Stress management. |
| -- | 0000151683 |
| 700 1# - ADDED ENTRY--PERSONAL NAME | |
| Personal name | Cooper Cary L. |
| -- | 0000151684 |
| 908 ## - PUT COMMAND PARAMETER (RLIN) | |
| Put command parameter | 070410 |
| 950 ## - LOCAL HOLDINGS (RLIN) | |
| -- | 1 |
| Withdrawn status | Lost status | Source of classification or shelving scheme | Not for loan | Home library | Current library | Date acquired | Total Checkouts | Full call number | Barcode | Date last seen | Price effective from | Koha item type |
|---|---|---|---|---|---|---|---|---|---|---|---|---|
| Library of Congress Classification | Kabarak, Main Campus | Kabarak, Main Campus | 17/12/2015 | HF5548.85 .S88 | 003659 | 02/08/2024 | 17/12/2015 | General Collection | ||||
| Library of Congress Classification | Kabarak, Main Campus | Kabarak, Main Campus | 17/12/2015 | HF5548.85 .S88 | 003660 | 02/08/2024 | 17/12/2015 | General Collection |